| 000 -LEADER |
| fixed length control field |
00456cam a22001337a 4500 |
| 008 - FIXED-LENGTH DATA ELEMENTS--GENERAL INFORMATION |
| fixed length control field |
180718b1947 xxu||||| |||| 00| 0 eng d |
| 082 ## - DEWEY DECIMAL CLASSIFICATION NUMBER |
| Classification number |
V43x5452 M267 |
| 100 ## - MAIN ENTRY--PERSONAL NAME |
| Personal name |
Water-Supply and Drainage Committee |
| 245 ## - TITLE STATEMENT |
| Title |
Report of the Water-Supply and Drainage Committee |
| Statement of responsibility, etc. |
Water-Supply and Drainage Committee,Tamilnadu |
| 260 ## - PUBLICATION, DISTRIBUTION, ETC. |
| Place of publication, distribution, etc. |
Madras |
| Name of publisher, distributor, etc. |
The author |
| Date of publication, distribution, etc. |
1947 |
| 300 ## - PHYSICAL DESCRIPTION |
| Extent |
115+p. |
| 500 ## - GENERAL NOTE |
| General note |
Chairman: A. Kaleswara Rao |
| 700 ## - ADDED ENTRY--PERSONAL NAME |
| Personal name |
Rao, A. Kaleswara (Chairman) |